Současná výtvarná fotografie na Karlovarsku : Hana Fischerová, Zdeněk Halámek, Bořivoj Hořínek, Zbyněk Illek, Martin Kouba, Stanislav Kožený, David Kurc, Silvie Milková, Jolana Moravcová, Alice Šmídová, Petra Volfová-Duchková : Letohrádek Ostrov - pobočka karlovarské galerie [26.4.-17.6.2007 /

Korporativní autor: Galerie umění (Karlovy Vary, Česko). Letohrádek Ostrov
Další autoři: Vachudová, Božena, 1953-
Jazyk: Čeština
Vydáno: Karlovy Vary : Galerie umění Karlovy Vary, 2007
Témata:
Fyzický popis: [8] s. : il. (některé barev.) ; 21 cm
Knihy
Uloženo v:
LEADER 01853nam a2200421 a 4500
001 nkc20071762710
003 CZ PrNK
005 20080325172033.0
007 ta
008 071107s2007 xr a e c 000 0dcze
015 |a cnb001762710 
020 |a 978-80-85014-68-6  |q (v knize neuvedeno :  |q skládanka) 
035 |a (OCoLC)228499826 
040 |a OLA001  |b cze  |d BOA001  |d ABA001 
043 |a e-xr---  |b e-xr-ka  |2 czenas 
045 |a y0y0 
072 7 |a 77  |x Fotografie. Fotografické postupy  |2 Konspekt  |9 21 
080 |a 77.04  |2 MRF 
080 |a (437.318)  |2 MRF 
080 |a (083.824)  |2 MRF 
245 0 0 |a Současná výtvarná fotografie na Karlovarsku :  |b Hana Fischerová, Zdeněk Halámek, Bořivoj Hořínek, Zbyněk Illek, Martin Kouba, Stanislav Kožený, David Kurc, Silvie Milková, Jolana Moravcová, Alice Šmídová, Petra Volfová-Duchková : Letohrádek Ostrov - pobočka karlovarské galerie [26.4.-17.6.2007 /  |c text Božena Vachudová] 
260 |a Karlovy Vary :  |b Galerie umění Karlovy Vary,  |c 2007 
300 |a [8] s. :  |b il. (některé barev.) ;  |c 21 cm 
500 |a 500 výt. 
648 7 |a 21. století  |7 ch460559  |2 czenas 
650 0 7 |a umělecká fotografie  |7 ph126879  |z Česko  |y 21. stol.  |2 czenas 
650 0 9 |a artistic photography  |z Czechia  |y 21st century  |2 eczenas 
655 7 |a katalogy výstav  |7 fd132536  |2 czenas 
655 9 |a exhibition catalogs  |2 eczenas 
651 7 |a Karlovy Vary (Česko : oblast)  |7 ge129536  |2 czenas 
651 9 |a Karlovy Vary Region (Czechia)  |2 eczenas 
700 1 |a Vachudová, Božena,  |d 1953-  |7 jo2002109975  |4 wfw 
710 2 |a Galerie umění (Karlovy Vary, Česko).  |b Letohrádek Ostrov  |7 kn20021008019 
910 2 |a BOA001  |b 2-1194.414 
990 |a BK 
995 |a 01 
991 |b 200711  |c NOV 
996 6 |b 2610324760  |c 2-1194.414  |l MZK  |r Sklad / do 1 hodiny  |n 1  |p p.v.  |w 000875337  |u 000010  |a 1  |e BOA001  |j MZK50  |s P